Partir là-bas (Reprise I) - La Petite Sirène, 2023 (Paroles) - Statistiques

Statistiques générales
  • Ce quiz a été pris 30 fois
  • Le résultat moyen est 33 sur 72
Statistiques - réponses
Paroles % Correct
Je
82%
je
82%
je
82%
de
76%
de
76%
de
76%
71%
la
71%
la
71%
La
71%
à
65%
à
65%
Te
65%
moi
59%
Pour
59%
et
53%
me
53%
Me
53%
Mon
53%
Mon
53%
Ne
53%
ne
53%
sur
53%
Sur
53%
toi
53%
toi
53%
toi
53%
Vivre
53%
Vivre
53%
côtés
47%
mer
47%
pas
47%
pas
47%
pourquoi
47%
suis
47%
terre
47%
tes
47%
Ce
41%
désir
41%
les
41%
Loin
41%
Mais
41%
quand
41%
regarder
41%
sais
41%
seul
41%
seul
41%
sourire
41%
espoir
35%
Ou
35%
près
35%
Prince
35%
tu
35%
vie
35%
bras
29%
chance
29%
même
29%
prête
29%
que
29%
qui
29%
t'aime
29%
t'aimer
29%
tendre
29%
bat
24%
cœur
24%
commence
24%
Rien
18%
l'île
12%
lointaine
12%
l'oublie
12%
m'emmenes
12%
Resler
6%
Aucun quiz correspondant
Distribution des résultats
% des personnes avec chaque résultat
Percentile par nombre de réponses
Votre historique - résultats
Vous n’avez pas pris ce quiz